书目信息 |
| 题名: |
晶体管原理与工艺
|
|
| 作者: | ;上海无线电七厂 编 | |
| 分册: | ||
| 出版信息: | 北京 科学出版社 1970 |
|
| 页数: | 427页 | |
| 开本: | 20cm | |
| 丛书名: | ||
| 单 册: | ||
| 中图分类: | TN43 | |
| 科图分类: | ||
| 主题词: | 半导体集成电路 | |
| 电子资源: | ||
| ISBN: | ||
| 000 | 00581nam0 2200193 450 | |
| 001 | 0636059182 | |
| 005 | 20060411083519.93 | |
| 010 | @dCNY0.87 | |
| 100 | @a20060410d1970 km y0chiy0120 ea | |
| 101 | 0 | @achi |
| 102 | @aCN@b110000 | |
| 200 | 1 | @a晶体管原理与工艺@Ajing ti guan yuan li yu gong yi@f上海无线电七厂编@Fshang hai wu xian dian qi chang bian |
| 210 | @a北京@c科学出版社@d1970 | |
| 215 | 1 | @a427页@d20cm |
| 606 | 0 | @a半导体集成电路 |
| 690 | @aTN43@v4 | |
| 711 | 0 | @a上海无线电七厂@Ashang hai wu xian dian qi chang@4编 |
| 801 | 0 | @aCN@bPFT@c20060411 |
| 905 | @a10447@dTN43@e12 | |
| 晶体管原理与工艺/上海无线电七厂编.-北京:科学出版社,1970 |
| 427页;20cm |
| ISBN :CNY0.87 |
| ● |
| 相关链接 |
|
|
|
|
正题名:晶体管原理与工艺
索取号:TN43/12
 
预约/预借
| 序号 | 登录号 | 条形码 | 馆藏地/架位号 | 状态 | 备注 |
| 1 | 0010192 | 202230656 | 密集书库/ [索取号:TN43/12] | 在馆 | |
| 2 | 0010193 | 202230772 | 密集书库/ [索取号:TN43/12] | 在馆 |